Evaluación de los alumnos de la escuela primaria.

Uloženo v:
Podrobná bibliografie
Hlavní autor: Ahmann, J. Stanley (autor)
Další autoři: Block, Marvin D. (autor) (autor), Wardeberg, Helen l (autor) (autor)
Médium: Kniha
Jazyk:španělština
Témata:
Tagy: Přidat tag
Žádné tagy, Buďte první, kdo vytvoří štítek k tomuto záznamu!

MARC

LEADER 00000cam^a2200000uu^4500
001 000482846
005 20250521000000.0
008 050901s1969^^^^^^^^^^^^rd^r^^000^0^spa^d
009 20260526150507.533
035 |a FCE 000025892 
035 |a FCE 016073 
037 |a Acervo ITESO - Biblioteca 
041 |a spa 
082 0 4 |a 370.6  |b A634e 
100 |a Ahmann, J. Stanley  |e (autor) 
245 1 0 |a Evaluación de los alumnos de la escuela primaria. 
264 |a Madrid :  |b Aguilar,  |c 1969. 
300 |a 491 p. 
336 |a texto  |b txt  |2 rdacontenido 
337 |a sin mediación  |b n  |2 rdamedio 
338 |a volumen  |b nc  |2 rdasoporte 
649 |a XX 
650 |a Teoría 
650 |a Test 
650 |a Diagnóstico educativo 
650 |a Método de evaluación 
650 |a Evaluación del alumno 
650 |a Prueba de conocimientos 
650 |a Pruebas de lenguaje 
650 |a Evaluación educativa 
650 |a Investigación educativa 
700 |a Block, Marvin D.  |e (autor) 
700 |a Wardeberg, Helen l  |e (autor) 
910 |a Fondo Centro de Estudios Educativos 
920 |a Impresos - Libros 
930 |a Fondos Especiales 
905 |a 133 
901 |a ALE016073  |b IT2  |c CEE  |u 20250521 
901 |a ALE041891  |b IT2  |c CEE  |u 20250521 
902 |a https://opac.biblio.iteso.mx/vufind/Record/000482846